Discrete, continuous, and hybrid Petri Nets

Αποθηκεύτηκε σε:
Λεπτομέρειες βιβλιογραφικής εγγραφής
Κύριος συγγραφέας: David, Rene 1939-
Άλλοι συγγραφείς: Alla, H. (Hassane)
Μορφή: Βιβλίο
Γλώσσα:English
Δημοσίευση: Berlin ; London ; New York : Springer, c2005
Θέματα:
Ετικέτες: Προσθήκη ετικέτας
Δεν υπάρχουν, Καταχωρήστε ετικέτα πρώτοι!

MARC

LEADER 00000nam a2200000 i 4500
001 1/67252
008 041130s2005 eng d
020 |a 3540224807 
035 |l 10075551 
040 |a GR-MY-UA  |b gre  |e aacr 
041 0 |a eng 
082 0 |a 511.3  |2 (21) 
100 1 |a David, Rene  |d 1939- 
245 1 0 |a Discrete, continuous, and hybrid Petri Nets /  |c Rene David, Kassane Alla 
260 |a Berlin ; London ; New York :   |b Springer,   |c c2005 
300 |a xxii, 524 σ.;  |b εικ.;  |c 25 εκ. 
504 |a Περιέχει βιβλιογραφικές αναφορές και ευρετήριο 
650 0 0 |a Petri nets. 
700 1 |a Alla, H.  |q (Hassane) 
852 |a INST  |b SAMOS  |e 20041130  |h 511.3 DAV  |p 005300022622  |q 005300022622  |t BK  |y 0 
901 |a BIBL3-2005-1 
909 |a Σ  |b 116531 
922 |a 3ΕΛΗ  |b 200410  |c ΕΠΕΑΕΚ2/ΤΜΗΜΑ ΜΑΘΗΜΑΤΙΚΩΝ  |d ΜΙΧΑΛΟΠΟΥΛΟΣ 
950 |a 116-2004-10-10 
970 |a ΚΟΣΙΕΡΗΣ  |b ΧΡΗΣΤΟΣ  |z 2005/01/31